[Event "BCF-chT4S 1920 (4NCL)"]
[Site "England"]
[Date "2020.02.09"]
[Round "6.151"]
[White "Farahi Far, Mohammad"]
[Black "Deacon, David J"]
[Result "0-1"]
[WhiteElo "1487"]
[BlackElo "1598"]
[PlyCount "32"]
[EventDate "2019.11.09"]
[EventType "team-swiss"]
[EventRounds "11"]
[EventCountry "ENG"]
[SourceTitle "EXT 2022"]
[Source "ChessBase"]
[SourceDate "2021.10.06"]
[SourceVersion "1"]
[SourceVersionDate "2021.10.06"]
[SourceQuality "1"]
[WhiteTeam "Barnet Knights III"]
[BlackTeam "Wessex IV"]
[WhiteTeamCountry "ENG"]
[BlackTeamCountry "ENG"]

1. c4 Nf6 2. Nc3 g6 3. Nf3 Bg7 4. g3 0-0 5. Bg2 c5 6. 0-0 Nc6 7. Rb1 Rb8 8. b3 d5 9. d4 cxd4 10. Nxd4 Nxd4 11. Qxd4 Ne4 12. Qxa7 Nxc3 13. Qxb8 Nxb1 14. Bxd5 Nc3 15. Bxb7 Nxe2+ 16. Kg2 Qb6 0-1

[Event "BCF-chT4S 1920 (4NCL)"]
[Site "England"]
[Date "2020.02.08"]
[Round "5.164"]
[White "Farahi Far, Mohammad"]
[Black "Stoica, Horace"]
[Result "1-0"]
[WhiteElo "1487"]
[BlackElo "1075"]
[PlyCount "35"]
[EventDate "2019.11.09"]
[EventType "team-swiss"]
[EventRounds "11"]
[EventCountry "ENG"]
[SourceTitle "EXT 2022"]
[Source "ChessBase"]
[SourceDate "2021.10.06"]
[SourceVersion "1"]
[SourceVersionDate "2021.10.06"]
[SourceQuality "1"]
[WhiteTeam "Barnet Knights III"]
[BlackTeam "Barnet Knights IV"]
[WhiteTeamCountry "ENG"]
[BlackTeamCountry "ENG"]

1. c4 Nf6 2. Nc3 g6 3. Nf3 Bg7 4. d4 d6 5. g3 0-0 6. Bg2 Bg4 7. 0-0 c5 8. Be3 Nc6 9. Qd2 cxd4 10. Nxd4 Nxd4 11. Bxd4 Qd7 12. Nd5 Bh3 13. Bxf6 Bxg2 14. Bxg7 Bxf1 15. Bxf8 Rxf8 16. Rxf1 Rc8 17. b3 e6 18. Nf6+ 1-0

[Event "Basingstoke Spring Bank op U1825 2nd"]
[Site "Basingstoke"]
[Date "2019.05.26"]
[Round "5.12"]
[White "Bullock, Lee"]
[Black "Farahi Far, Mohammad"]
[Result "0-1"]
[WhiteElo "1516"]
[BlackElo "1235"]
[PlyCount "102"]
[EventDate "2019.05.24"]
[EventType "swiss"]
[EventRounds "7"]
[EventCountry "ENG"]
[SourceTitle "EXT 2023"]
[Source "ChessBase"]
[SourceDate "2022.10.05"]
[SourceVersion "1"]
[SourceVersionDate "2022.10.05"]
[SourceQuality "1"]

1. d4 Nf6 2. Bf4 g6 3. e3 Bg7 4. Bd3 d6 5. Nf3 0-0 6. c3 c5 7. Qc2 Nc6 8. Nbd2 cxd4 9. exd4 Nh5 10. Bg3 Nxg3 11. hxg3 e5 12. dxe5 Nxe5 13. Nxe5 dxe5 14. 0-0-0 Qd5 15. Kb1 Qxg2 16. Ne4 Bf5 17. Rdg1 Qf3 18. Rxh7 Rfd8 19. g4 Qxd3 20. Rxg7+ Kxg7 21. gxf5 Qxc2+ 22. Kxc2 Rac8 23. fxg6 fxg6 24. Ng5 Rc6 25. Rh1 Kf6 26. Ne4+ Kf5 27. f3 Kf4 28. Nd2 Rcd6 29. Rh2 g5 30. Ne4 Rd3 31. Nc5 Kg3 32. Rh7 Rd2+ 33. Kb3 Kxf3 34. Rf7+ Kg4 35. Rxb7 a5 36. Rg7 Rb8+ 37. Nb7 e4 38. c4 a4+ 39. Kc3 e3 40. Re7 Kf3 41. c5 Rc8 42. Rf7+ Ke2 43. Rf5 g4 44. Rg5 Kf3 45. Rf5+ Ke4 46. Rf6 Rd7 47. Nd6+ Rxd6 48. Rxd6 Rxc5+ 49. Kb4 Rg5 50. Kxa4 e2 51. b4 e1Q 0-1